| 000 | 00744pab a2200181 454500 | ||
|---|---|---|---|
| 008 | 180718b2007 xxu||||| |||| 00| 0 eng d | ||
| 100 | _aSrinivasan, Sukayna | ||
| 245 | _aPopulation policy and programme in India: a review | ||
| 260 | _c2007 | ||
| 300 | _ap.125-36. | ||
| 362 | _aMar | ||
| 520 | _aThe paper reviews the population policy and programme at national level since its inception. It brings forward the achievements as well as shortcomings of the policies and programmes and goes on to show how despite the abolition of `target approach' the programmes still have the same orientation. - Reproduced. | ||
| 650 | _aIndia - Population | ||
| 650 | _aPopulation policy | ||
| 773 | _aSocial Change | ||
| 908 | _aN | ||
| 909 | _a73853 | ||
| 999 |
_c73853 _d73853 |
||